Animal diversity

Збережено в:
Бібліографічні деталі
Автор: Fingerman, Milton (Автор)
Формат: Книга
Мова:Англійська
Опубліковано: Nueva York Holt, Rinehart and Winston 1969
Серія:Modern Biology Series
Предмети:
Теги: Додати тег
Немає тегів, Будьте першим, хто поставить тег для цього запису!

MARC

LEADER 00000nam a2200000 a 4500
001 UCU4398
003 CL-VaPUC
008 960517e19690000US |||||||||||||||||eng|d
082 0 4 |a 593  |b FIN  |2 21 
100 0 |a Fingerman, Milton  |e author  |9 361963 
245 1 0 |a Animal diversity 
300 |a 184 p 
942 |c BK 
945 |d 19960517 00:00:00  |a rleighto 
260 |a Nueva York  |b Holt, Rinehart and Winston  |c 1969 
650 0 |a Zoología  |9 261613 
650 7 |a PROTOZOOS  |2 CL-VaPUC  |9 346253 
650 0 |a Anélidos  |9 361964 
650 0 |a Moluscos  |9 261245 
650 0 |a Artrópodos  |9 269503 
650 7 |a EQUINODERMOS  |2 CL-VaPUC  |9 261782 
650 0 |a Coleópteros  |9 359563 
583 |a last modification  |c 19960517 00:00:00  |k Rodrigo Vera 
490 0 |a Modern Biology Series 
999 |c 248127  |d 248125 
952 |0 0  |1 0  |4 0  |6 593_000000000000000_FIN_1969  |7 0  |8 A  |9 264559  |a BIBCUR  |b BIBCUR  |d 2019-11-19  |i 3199789  |o 593 FIN 1969  |p 3199789  |r 2025-04-22  |w 2019-11-19  |y BK  |k BCB